| 000 | 00562nam a2200205 a 4500 | ||
|---|---|---|---|
| 001 | 2366 | ||
| 003 | CDMR | ||
| 005 | 20131023155718.0 | ||
| 008 | 130130s1988||||||||||||||||||||||||||||d | ||
| 020 | _a8485709721 | ||
| 040 |
_aCDMR _bcat _cCDMR |
||
| 100 | 1 |
_aLlines, Montserrat _91767 |
|
| 245 | 1 | 3 | _aLa televisió a Catalunya |
| 260 |
_aSant Cugat del Vallés _c1988 _bAmelia Romero |
||
| 490 | 0 |
_aConeguem Catalunya _v22 |
|
| 650 | 0 | 4 |
_93127 _aTelevisió _zCatalunya |
| 650 | 0 | 4 |
_91116 _aTelevisió _xHistòria |
| 700 | 1 |
_92139 _aCorominas, Maria |
|
| 942 |
_cMON _2udc |
||
| 999 |
_c2366 _d2366 |
||